01012 a2200229 4500020001500000020001800015082001200033090001500045100001900060245011900079250004300198260003100241300002100272490005000293700002300343700002100366830005000387942002500437999001900462952014800481952015300629 a3642051634 a9783642051630 a515.352 c1693d16931 aHairer, Ernst.10aSolving ordinary differential equations I :bnonstiff problems /cErnst Hairer, Syvert P. Norsett, Gerhard Wanner. a2nd ed. 1993. Corr. 3rd printing 2009. a[S.l.] :bSpringer,c2009. a528 p. ;c24 cm.1 aSpringer series in computational mathematics.1 aNorsett, Syvert P.1 aWanner, Gerhard. 0aSpringer series in computational mathematics. aSNScBKk515.352 HAI c355817d355817 00102ddc40708NFICaCAS-EbCAS-EcDISPLAYd2015-12-28eProgressiveg7743.00l0o515.352 PRO-S 1993pCAS-E0000955r2015-12-28w2015-12-28yBK 00102ddc40708NFICaCAS-EbCAS-EcDISPLAYd2015-12-28eProgressiveg7743.00l0o515.352 PRO-S 1993pCAS-E0000956r2015-12-28tC.2w2015-12-28yBK